000 00635nam a2200229Ia 4500
003 OSt
005 20220924122757.0
006 a|||||r|||| 00| 0
007 ta
008 220923b |||||||| |||| 00| 0 urd d
024 _a322450
037 _cTextual
040 _aARTS
_cARTS
_burd
041 _2urd
_aurd
082 _aU.4.M5, 168M6.1-.4
100 _aPrashad Babu Shiv Au.
_9190694
245 0 _aJami jahan numa
260 _aLucknow
_bMunshi Nawal Kishore India
_c1986
650 _aGEOGRAPHY
942 _hU.4.M5, 168M6.1-.4
_cTEXL
_2CC
999 _c413031
_d413031